| 000 | 00460nam a2200181 4500 | ||
|---|---|---|---|
| 003 | SEACOMEC | ||
| 005 | 20240208130450.0 | ||
| 008 | 240208b |||||||| |||| 00| 0 eng d | ||
| 020 | _cRs.310.00 | ||
| 040 | _aSEACOMEC | ||
| 082 |
_a510.02462 _bP979 |
||
| 100 | _aPujar,S.S. | ||
| 245 | 1 | 2 |
_a(A) textbook of engineering mathematics _cS.S. Pujar,S.P. Malgmde |
| 260 |
_aPune _bEverest _c2004 |
||
| 650 | _amathematics, | ||
| 700 | _aMalgmde,S.P. | ||
| 942 | _cBOOK | ||
| 999 |
_c602 _d602 |
||